| 000 | 00602nam a2200181 a 4500 | ||
|---|---|---|---|
| 005 | 20210223123533.0 | ||
| 008 | 991125s1954 ea 000 0 eng u | ||
| 035 | _aUPN01000055477 | ||
| 049 | _aCG | ||
| 050 | 4 |
_aPE1119 _bT43 LM |
|
| 245 | 0 | 0 |
_aTeacher's guide for stories from everywhere / _cGuy L. Bond ... [et al.]. |
| 260 |
_aSacramento, Calif. : _bCalifornia State, Department of Education, _c1954. |
||
| 300 |
_a161, 313 p. : _bil. col. |
||
| 440 | 2 | _aA basic reading program | |
| 650 | 4 |
_aINGLES - _vLIBROS DE LECTURA |
|
| 700 | 1 |
_aBond, Guy Loraine, _d1904-1980 _ecoaut. _935371 |
|
| 905 | _aLibro | ||
| 999 |
_c55477 _d55477 |
||